01737cam a22004574i 4500003000900000005001700009008004100026020001500067035002700082040003300109049000900142082002100151100003600172245009400208264006500302300003800367336002100405337002500426338002300451504002800474505012200502526001000624526001000634526001000644526001000654526000800664526000800672526000800680526000800688526000800696526000800704526000800712650004000720942001400760949012400774994001400898596000600912999015000918980005501068952015601123PE-LiUPU20250731173024.0150623s r 000 0 d a0805410627 a(Sirsi) i9780805410624 aPE-LiUPUbspacPE-LiUPUerda aPRUA04a268.002bS842211 aStubblefield, Jerry M.,eautor.14aThe effective minister of education :ba comprehensive handbook /cJerry M. Stubblefield. 1aNashville, Tennessee :bBroadman & Holman Publishers,c1993. a253 páginas ;c23 centímetros atext2rdacontent aunmediated2rdamedia avolume2rdacarrier aIncluye bibliografía.0 aWho is the minister of education?. -What does an ME do?. -What are ME's relationships?. -How to get stardet as an ME. aSEG42 aSEG41 aSEG40 aSEG39 aP94 aP87 aP86 aP85 aP77 aP76 aP3504aEducación cristianaxFilosofía. 2ddccBOOK a268.002 S84wDEWEYc1i47867lCCODEBUL1mBULr0sYtBOOKu2015-6-24xTEOLOGIAPP350COMPRAo.STAFF. Colección General aC0bPEPRU a1 a268.002 S84wDEWEYc24338i47867f2021-11-10g5lCCODEBUL1mBULr0sYtBOOKu2015-6-24xTEOLOGIAPP350COMPRAo.STAFF. Colección Generald24338 81gALBERTO SANCHEZ Responsable de Automatización r2025-12-02 00:00:00i6l0o268.002 S84p47867te1w2015-06-24xFTyBKzinventario-2023-12-13102ddc50708GENfP35aBULbBULcGENd2015-06-24eCOMPRA